Ferret active forensic analysis of windows based computers (Record no. 9936)

000 -LEADER
fixed length control field 00559 a2200169 4500
003 - CONTROL NUMBER IDENTIFIER
control field NUST
038 ## - RECORD CONTENT LICENSOR
Staff Name a
082 ## - DEWEY DECIMAL CLASSIFICATION NUMBER
Classification number BIT-6
100 ## - MAIN ENTRY--PERSONAL NAME
Personal name Abeer Khan
9 (RLIN) 93129
245 ## - TITLE STATEMENT
Title Ferret active forensic analysis of windows based computers
Statement of responsibility, etc. Abeer Khan
260 ## - PUBLICATION, DISTRIBUTION, ETC.
Place of publication, distribution, etc. Islamabad:
Name of publisher, distributor, etc. NUST School of Electrical Engineering & Computer Science,
Date of publication, distribution, etc. 2008
300 ## - PHYSICAL DESCRIPTION
Extent xii, 75 p. :
Other physical details ill. ;
Dimensions 27 cm
500 ## - GENERAL NOTE
General note Supervisors : Dr. Fauzan Mirza, Dr. Syed Ali Khayam.
563 ## - BINDING INFORMATION
Binding note a
856 ## - ELECTRONIC LOCATION AND ACCESS
Uniform Resource Identifier <a href="http://10.250.8.41:8080/xmlui/handle/123456789/11492">http://10.250.8.41:8080/xmlui/handle/123456789/11492</a>
942 ## - ADDED ENTRY ELEMENTS (KOHA)
Koha item type Thesis
Call number prefix BIT-6 ABE
Source of classification or shelving scheme
Holdings
Withdrawn status Lost status Source of classification or shelving scheme Damaged status Not for loan Permanent Location Current Location Date acquired Full call number Barcode Date last seen Price effective from Koha item type
WITHDRAWN         Central Library (CL) Central Library (CL) 07/05/2022 BIT-6 ABE SEECSP00727 11/14/2012 11/14/2012 Project Report
© 2023 Central Library, National University of Sciences and Technology. All Rights Reserved.